000 00451nam a2200169Ia 4500
999 _c30158
_d30158
003 OSt
005 20210101105503.0
008 190216s9999||||xx |||||||||||||| ||und||
040 _coclc
082 _a398
_bKAR/T
100 _aKarippathu, R C
_97500
245 0 _aTheyyaprapancham /
_cR C Karippathu
260 _bKairali Books,
_c2016.
300 _a401p
650 _aMalayalam
942 _cBK
_2ddc
_h398
_iKAR/T
_k398
_mKAR/T